Patio Color 3 años: texto para la educación parvularia

Salvato in:
Dettagli Bibliografici
Autore principale: Morales Soto, Sandra (autora)
Natura: Libro
Lingua:spagnolo
Pubblicazione: Bogotá Norma 2008
Soggetti:
Tags: Aggiungi Tag
Nessun Tag, puoi essere il primo ad aggiungerne!!

MARC

LEADER 00000nam a2200000 a 4500
001 UCH1962
003 CL-VaPUC
008 090520e20080000CK |||||||||||||||||spa|d
020 |a 9789563001419 
082 0 4 |a 372.21  |b MOR  |2 21 
100 |a Morales Soto, Sandra  |e autora  |9 536586 
245 1 0 |a Patio Color 3 años: texto para la educación parvularia 
300 |a 67 p 
942 |c BK 
945 |d 20090520 00:00:00  |a rbrito 
260 |a Bogotá  |b Norma  |c 2008 
650 0 |a Educación preescolar  |9 260381 
650 0 |a Jardines infantiles  |9 307427 
583 |a last modification  |c 20090520 00:00:00  |k Rodrigo Vera 
999 |c 333833  |d 333831 
952 |0 0  |1 0  |4 0  |6 372_210000000000000_MOR_2008  |7 0  |8 A  |9 422474  |a BIBEDU  |b BIBEDU  |d 2019-11-22  |i 4552008  |o 372.21 MOR 2008  |p 4552008  |r 2019-11-22  |w 2019-11-22  |y BK  |k PAR